Quizz Teen Wolf - Statistiques

Statistiques générales
  • Ce quiz a été pris 1 781 fois
    788 depuis la dernière actualisation
  • Le résultat moyen est 23 sur 45
Statistiques - réponses
Hint Réponse % Correct
Peter Hale Qui a mordu Scott ? Peter Hale
97%
Saison 1 Qui entraine Scott dans la forêt de nuit ? Stiles Stilinski
97%
De qui Scott tombe-t-il amoureux ? Allison Argent
95%
Saison 2 Qui est le kanima ? Jakson Wihttemore
92%
Qui se promène nue dans la forêt durant 3 jours ? Lydia Martin
92%
Qui devient un Alpha a la fin ? Derek Hale
91%
Qui est le coyote ? Malia Tate/ Hale
84%
Qui meurt dans les bras de scott ? Allison Argent
81%
Saison 4 Qui Scott mord-t-il ? Liam Dunbar
78%
Saison 3 a) Comment s'appelle le chef de la meute des Alphas ? Deucalion
76%
De quoi ce dernier a-t-il le plus peur et par conséquent le kanima aussi ? de l'eau
74%
Qui devient le maître du kanima par la suite ? Gérard Argent
73%
le Kanima Qui est le premier bêta de Derek ? Isaac Lahey
72%
Quel est l'arbre sacrée ou sont enfermé Melissa McCall, le Sherif et Chris Argent ? Le nemeton
67%
Le Darach et les alphas Qui croit-t-on mort après la bataille dans l'ancienne banque ? Derek Hale
66%
Qui essaye de sauver Hayden lorsqu'elle va être enlevé par les docteur ? Liam Dunbar
63%
Qui réside à Echein House et est une banshee ? Meredith Walker
62%
Qui réussit à sortir de la gare en sautant sur un cavalier ? Peter Hale
60%
Saison 5 Qui est la première chimère ? Théo Raken
59%
Les Cavaliers Fantômes Dans quel batiment se trouvent les personnes prisonnières des cavaliers ? Une gare
59%
Qui est le darach ? Jennifer Blake
55%
Ou se trouve la machine infernal ? (chez ...) chez Lydia Martin
54%
Qui est l'adolesent qui est posédé par la bête ? Mason Hewitt
54%
Le Bienfaiteur Quel est le premier mot de passe pour accéder aux listes noirs ? Allison Argent
53%
Qui est celui qu'on appelle l'Alpha ? Scott MCcall
53%
Saison 3 b) Dans quel établissement va Stiles ? Eichen House
47%
Qui est le 1er maître du kanima ? Matthew Daehler alias Matt
47%
Le Nogitsune Qui "réssuscite" sur le nemeton ? Allison Argent
41%
Qui est à l'origine de tout cela inconsciament? Peter Hale
40%
Void Stiles A quel jeu jouent le nogitsune et Stiles ? Au jeu de go
34%
Saison 6 b) Qui aide un amateur de chasse de loup garou ? Gérard Argent
31%
Qui Void Stiles appelle-t-il en cassant les queues ? Les Onis
29%
Saison 7 (film) Que vole sans cesse Eli Hale ? La vielle jeep bleu de Stiles
28%
Qui tue Gérard à la fin ? Kate Argent
26%
Qui a invoqué le nogitsune durant la guerre ? Noshiko Yakamura
20%
Les Chasseurs Qui était l'Alpha de la meute de Brett et Lori ? Satomi
20%
Saison 6 a) Quel est le vrai nom de Stiles ? Mieczyslaw Stilinski
19%
Quelles sont les deux personnages qui réapparaissent et sauvent leurs amis ? Derek Hale et Stiles Stilinski
18%
Qui devient un cavalier "nazi" à la fin ? Garrett Douglas
14%
Quel est la créature qui effraye les gens de Beacon Hills ? l'Anuk-ite
14%
Comment s'appelle la ville fantôme ? Canaan
12%
En quoi se transforme Derek avant de mourir ? En vrai Alpha
12%
Les Docteurs Qui Kira va-t-elle voir pour l'aider à controler le kitsune ? les Skinwalkers
7%
Qui est le nouveau kitsune ? Hikari
2%
Quel est le nom du livre écrit par le Dr. Valack? les médecins de l'Horreur
0%
Aucun quiz correspondant
Distribution des résultats
% des personnes avec chaque résultat
Percentile par nombre de réponses
Votre historique - résultats
Vous n’avez pas pris ce quiz depuis la dernière actualisation